5HLuxD.jpg

KING HENRY VIII SENIOR AND PRIMARY SCHOOL LIBRARY OPAC

Diary of a wimpy kid : (Record no. 580)

000 -LEADER
fixed length control field 01612cam a2200385 i 4500
003 - CONTROL NUMBER IDENTIFIER
control field OSt
005 - DATE AND TIME OF LATEST TRANSACTION
control field 20190828163558.0
008 - FIXED-LENGTH DATA ELEMENTS--GENERAL INFORMATION
fixed length control field 131121s2013 nyua j 000 1 eng
020 ## - INTERNATIONAL STANDARD BOOK NUMBER
International Standard Book Number 9780241342756
020 ## - INTERNATIONAL STANDARD BOOK NUMBER
International Standard Book Number 9780241342800
Qualifying information Box set
040 ## - CATALOGING SOURCE
Original cataloging agency DLC
Language of cataloging eng
Transcribing agency DLC
Description conventions rda
Modifying agency CaOL
082 ## - DEWEY DECIMAL CLASSIFICATION NUMBER
Classification number FIC KIN
100 1# - MAIN ENTRY--PERSONAL NAME
Personal name Kinney, Jeff,
Relator term author.
245 10 - TITLE STATEMENT
Title Diary of a wimpy kid :
Remainder of title hard luck /
Statement of responsibility, etc. by Jeff Kinney.
246 30 - VARYING FORM OF TITLE
Title proper/short title Hard luck.
264 #1 - PRODUCTION, PUBLICATION, DISTRIBUTION, MANUFACTURE, AND COPYRIGHT NOTICE
Place of production, publication, distribution, manufacture London :
Name of producer, publisher, distributor, manufacturer Puffin,
Date of production, publication, distribution, manufacture, or copyright notice 2013.
300 ## - PHYSICAL DESCRIPTION
Extent 217 pages :
Other physical details illustrations ;
Dimensions 21 cm.
336 ## - CONTENT TYPE
Content type term text
Source rdacontent.
336 ## - CONTENT TYPE
Content type term still image
Source rdacontent.
337 ## - MEDIA TYPE
Media type term unmediated
Source rdamedia.
338 ## - CARRIER TYPE
Carrier type term volume
Source rdacarrier.
490 1# - SERIES STATEMENT
Series statement Diary of a wimpy kid ;
Volume/sequential designation 8.
520 ## - SUMMARY, ETC.
Summary, etc. "Greg Heffley's on a losing streak. His best friend, Rowley Jefferson, has ditched him, and finding new friends in middle school is proving to be a tough task. To change his fortunes, Greg decides to take a leap of faith and turn his decisions over to chance. Will a roll of the dice turn things around, or is Greg's life destined to be just another hard-luck story?"--
Assigning source Provided by publisher.
650 #0 - SUBJECT ADDED ENTRY--TOPICAL TERM
Topical term or geographic name entry element Friendship
Form subdivision Juvenile fiction.
650 #0 - SUBJECT ADDED ENTRY--TOPICAL TERM
Topical term or geographic name entry element Fortune
Form subdivision Juvenile fiction.
650 #0 - SUBJECT ADDED ENTRY--TOPICAL TERM
Topical term or geographic name entry element Middle schools
Form subdivision Juvenile fiction.
650 #0 - SUBJECT ADDED ENTRY--TOPICAL TERM
Topical term or geographic name entry element Middle school students
Form subdivision Juvenile fiction.
650 #0 - SUBJECT ADDED ENTRY--TOPICAL TERM
Topical term or geographic name entry element Schools
Form subdivision Juvenile fiction.
650 #0 - SUBJECT ADDED ENTRY--TOPICAL TERM
Topical term or geographic name entry element Families
Form subdivision Juvenile fiction.
650 #0 - SUBJECT ADDED ENTRY--TOPICAL TERM
Topical term or geographic name entry element Diaries
Form subdivision Juvenile fiction.
655 #0 - INDEX TERM--GENRE/FORM
Genre/form data or focus term Humorous fiction.
690 ## - LOCAL SUBJECT ADDED ENTRY--TOPICAL TERM (OCLC, RLIN)
Topical term or geographic name as entry element Library spotlight: Diary of a Wimpy Kid Read Alikes.
830 #0 - SERIES ADDED ENTRY--UNIFORM TITLE
Uniform title Diary of a wimpy kid ;
Volume/sequential designation 8.
942 ## - ADDED ENTRY ELEMENTS (KOHA)
Source of classification or shelving scheme
Koha item type Books - Fiction
Holdings
Withdrawn status Lost status Source of classification or shelving scheme Damaged status Not for loan Collection code Permanent Location Current Location Shelving location Date acquired Total Checkouts Full call number Barcode Date last seen Date last checked out Price effective from Koha item type Total Renewals Public note
          Fiction KH8 Primary School Library KH8 Primary School Library Fiction 2025-04-25 11 FIC KIN KHPL000006811 2026-04-15 2026-04-08   Books - Fiction 3 KH8 PRIMARY LIBRARY
          Fiction KH8 Senior School Library KH8 Senior School Library Fiction 2019-08-28 9 FIC KIN 3KHSL000101272 2025-08-29 2025-08-28 2019-08-28 Books - Fiction    
          Fiction KH8 Senior School Library KH8 Senior School Library Fiction 2025-11-04 1 FIC KIN 3KHSL000102491 2026-01-26 2026-01-16 2025-11-04 Books - Fiction    

Powered By KH8 IT Dept